000 00325 a2200157 4500
001 168558
020 _a
040 _cMagnum
100 _aZagury, Tania
240 1 0 _aO adolescente por ele mesmo
_lpor
245 1 0 _aO adolescente por ele mesmo
362 0 _a1899
440 1 _aRecord
697 _aGERAL
942 _cBK
999 _c168558
_d168558